La Gerusalemme e l'aminta / (Record no. 166080)

MARC details
000 -LEADER
campo de control de longitud fija 00902nam a2200205 i 4500
001 - NÚMERO DE CONTROL
campo de control 166080
003 - IDENTIFICADOR DE NÚMERO DE CONTROL
campo de control ES-MaACL
005 - FECHA Y HORA DE LA ÚLTIMA TRANSACCIÓN
campo de control 20240126182845.0
008 - DATOS DE LONGITUD FIJA--INFORMACIÓN GENERAL
campo de control de longitud fija 050920s1836 fr f | |||||||| ||ita d
040 ## - FUENTE DE CATALOGACIÓN
Centro catalogador/agencia de origen CAM
Lengua de catalogación spa
Centro/agencia transcriptor CAM
100 1# - ENTRADA PRINCIPAL--NOMBRE DE PERSONA
Nombre de persona Tasso, Torquato (
Fechas asociadas al nombre 1544-1595)
9 (RLIN) 109373
245 13 - MENCIÓN DEL TÍTULO
Título La Gerusalemme e l'aminta /
Mención de responsabilidad, etc. di Torquato Tasso; con note diversi.
260 ## - PUBLICACIÓN, DISTRIBUCIÓN, ETC.
Lugar de publicación, distribución, etc. Parigi :
Nombre del editor, distribuidor, etc. Presso Baudry, Librería Europea,
Fecha de publicación, distribución, etc. 1836 (
Fabricante dalla Stamperia di Casimir)
300 ## - DESCRIPCIÓN FÍSICA
Extensión 2 v. (XXX, 422 p., [1] h. de lám.; 410, [1] p.) ;
Dimensiones 20 cm.
490 1# - MENCIÓN DE SERIE
Mención de serie Collezione de migliore autori italiani antichi e moderni ;
Designación de volumen o secuencia 12; 13
599 ## - NOTA A LAS ILUSTRACIONES
NOTA A LAS ILUSTRACIONES La h. de lám., grab. calc.: "Gravé par B. Faurel, Pensionnaire du Roi", retrato del autor.
830 0# - PUNTO DE ACCESO ADICIONAL DE SERIE-TÍTULO UNIFORME
Título uniforme Collezione de' miglori autori italiani antichi e moderni
Designación de volumen o secuencia 12; 13
9 (RLIN) 221518
852 ## - LOCALIZACIÓN
Ubicación ES-MaACL
Número de control de estantería G-9142-9143
Nota libre -- Enc. hol.
Holdings
Estatus retirado Estado de pérdida Estado de daño No para préstamo Colección Biblioteca de origen Biblioteca actual Ubicación en estantería Fecha de adquisición Fuente de adquisición Total de préstamos Signatura topográfica completa Código de barras Visto por última vez Precio de reemplazo Tipo de ítem Koha
        Libros del s. XIX Biblioteca del Ateneo de Madrid Biblioteca del Ateneo de Madrid Sala Pecera Planta 3 17/01/2008     G-9142-9143 1174174 23/02/2023 23/02/2023 Libro impreso antiguo